00347nam a22001217a 4500003000400000082001000004100002500014245012000039260003500159300000700194650001600201653000800217SGT a617.3 aSIDHU, MAHIPAL SINGH aTo study the efficacy of intraarticular platelet rich plasma in management of adhesive capsulitis of shoulder joint aGURUGRAMbSGT UNIVERSITYc2023 a66 aORTHOPAEDIC aM.S